Представление документа в формате RUSMARC

ПолеНазваниеЗначение
  Тип записи a
  Библиографический уровень m
001 Контрольный номер UONB/MAIN/36cc7802d5f648b09f0c911677dc9782
005 Дата корректировки 20250520131459.2
010 Индекс ISBN __
d Цена 2 р. 70 к.
9 Тираж 3000 экз.
100 Данные общей обработки __
a Данные общей обработки 20221208d1953 u y0rusy0189## ca
101 Язык документа 0_
a Язык текста rus
102 Страна публикации __
a Страна публикации RU
105 Кодированные данные (монография) __
a Кодированные данные (монография) a z 001yy
200 Заглавие и сведения об ответственности 1_
a Заглавие Экономия металла в литейном производстве
e Сведения, относящиеся к заглавию (из опыта ленингр. заводов)
f Первые сведения об ответственности А.Н. Соколов, А.М. Липницкий
210 Выходные данные 1_
a Место издания Ленинград
c Издательство Лениздат
d Дата издания 1953
215 Физическое описание __
a Объем 92 с.
c Иллюстрации/тип воспроизводства ил.
d Формат 22 см
606 Тематические рубрики 0_
a Основная рубрика Литейное производство
x Основная подрубрика Экономия металла
610 Ключевые слова 0_
a Ключевые слова литейное производство; основы литейного производства; экономия металла в литейном производстве; машиностроительные отрасли
686 Индексы других классификаций __
a Классификационный индекс 34.61
2 Код системы rubbk
700 Автор _1
a Фамилия Соколов
b Имя (инициалы) А.Н.
g Полное личное имя Алексей Николаевич
4 Код отношения 070
701 Альтернативная интеллектуальная ответственность _1
a Фамилия Липницкий
b Имя (инициалы) А.М.
g Полное личное имя Абрам Маркович
4 Код отношения 070
801 Источник записи _0
a Страна RU
b Организация Ульяновская ОНБ
c Дата составления 20221208
g Правила каталогизации RCR
801 Источник записи _1
a Страна RU
b Организация Ульяновская ОНБ
c Дата составления 20221208
g Правила каталогизации RCR
901 Тип документа __
t Тип документа m
909 Создатель записи __
a Создатель записи Седова
b Дата создания записи 20221208